000 00729nam a22002537a 4500
003 CHAP
005 20220329140525.0
008 971013s1982 ilua r 00010 eng d
010 _a53309
011 _a54281
035 _a58432
040 _cCHAP
082 0 4 _a632.954
_bW44
110 2 _aWeed Science Society of America
_9121328
245 1 _aAdjuvants for herbicides
260 _aChampaign, Ill. :
_bThe Weed,
_c1982
300 _a144 p. :
_bilus., gráfs.
590 _aBATCH-UPD
_b10
_c20130110
_lUCH01
_h0910
590 _aCONVERSION
_b10
_c20130109
_lUCH01
_h1329
650 1 4 _aHerbicidas.
_953691
901 _aBK
942 _cLIBRO
949 _a632.954 W44
_bBC
_cLIBRO
_d-126829
_eLIBRO
_gI.123538
_h63636
_i58432
_mDir
_si
999 _c53309
_d53309